000 00297nam a22001457a 4500
003 SGT
020 _a9789387477247
082 _bDE
100 _aDE, ANIL K.
245 _aENVIRONMENTAL CHEMISTRY
250 _a9TH
260 _bNEW AGE PUBLICATION
_c2019
300 _a371
942 _2ddc
_cBK
_05
999 _c15832
_d15832